00665nam a22001817a 450000500170000001000150001702000260003203500140005803700130007208200080008510000170009324501700011025000130028026000400029327000780033330000260041150000460043720180517170617.0 aENG-123049 a9788193339565c300.00 aEN-106581 bDBAD/PUB a572 aBasu, Pallab aBiochemistry laboratory manual :bincluding clinical problems, viva voce and chapter-wise multiple choice questions for MD/MS entrance examinations /cby Pallab Basu a3rd edn. aKolkata bAcademic Publishersc2017 a5A, Bhawani Dutta Lane, bKolkata e700073mcontact@academicpublishers.in axiv, 371pc25cm.(pbk) a10 years MBBS university questions solved